Click on Costs (Record no. 120197)
[ view plain ]
| 000 -LEADER | |
|---|---|
| fixed length control field | 00959cam a2200217 4500 |
| 001 - CONTROL NUMBER | |
| control field | WS120411 |
| 008 - FIXED-LENGTH DATA ELEMENTS--GENERAL INFORMATION | |
| fixed length control field | 021111n 000 0 eng u |
| 035 ## - SYSTEM CONTROL NUMBER | |
| System control number | (Sirsi) u120411 |
| 110 ## - MAIN ENTRY--CORPORATE NAME | |
| Corporate name or jurisdiction name as entry element | Swirski, Barbara |
| 245 ## - TITLE STATEMENT | |
| Title | Click on Costs |
| 520 ## - SUMMARY, ETC. | |
| Summary, etc. | Web site giving a guide to how solicitors charge for their service and how to choose a solicitor. Includes pages on how to deal with contentious costs, the Client Care Code 1999 which gives information your solicitor must tell you drafted by the Law Society, a glossary of terms, details of all the UK county courts and a self-help pack to help you make the best choice in choosing a solicitor. |
| 650 ## - SUBJECT ADDED ENTRY--TOPICAL TERM | |
| Topical term or geographic name entry element | SOLICITORS |
| 650 ## - SUBJECT ADDED ENTRY--TOPICAL TERM | |
| Topical term or geographic name entry element | CONTENTIOUS COCTS |
| 650 ## - SUBJECT ADDED ENTRY--TOPICAL TERM | |
| Topical term or geographic name entry element | LEGAL COSTS |
| 650 ## - SUBJECT ADDED ENTRY--TOPICAL TERM | |
| Topical term or geographic name entry element | CLIENT CARE CODE |
| 650 ## - SUBJECT ADDED ENTRY--TOPICAL TERM | |
| Topical term or geographic name entry element | GLOSSARY |
| 650 ## - SUBJECT ADDED ENTRY--TOPICAL TERM | |
| Topical term or geographic name entry element | COUNTY COURTS |
| 690 ## - LOCAL SUBJECT ADDED ENTRY--TOPICAL TERM (OCLC, RLIN) | |
| Topical term or geographic name as entry element | LAW |
| 856 40 - ELECTRONIC LOCATION AND ACCESS | |
| Uniform Resource Identifier | <a href="https://www.clickoncosts.co.uk">https://www.clickoncosts.co.uk</a> |
| Public note | View the website free of charge at www.clickoncosts.co.uk... |
| 942 ## - ADDED ENTRY ELEMENTS (KOHA) | |
| Suppress in OPAC | 0 |
| Withdrawn status | Lost status | Source of classification or shelving scheme | Damaged status | Not for loan | Home library | Current library | Shelving location | Date acquired | Total Checkouts | Full call number | Barcode | Date last seen | Copy number | Price effective from | Koha item type |
|---|---|---|---|---|---|---|---|---|---|---|---|---|---|---|---|
| Dewey Decimal Classification | Virtual | Virtual | Online | 11/11/2002 | WEB SITE | 120411-2001 | 06/08/2019 | 1 | 06/08/2019 | Online material |